| 000 | 00706nam a22001695i 4500 | ||
|---|---|---|---|
| 001 | 170564 | ||
| 003 | ES-MaACL | ||
| 005 | 20230906214411.0 | ||
| 008 | 090317s1914 fr |||| | fre d | ||
| 080 | _a821.133.1-2"19" | ||
| 100 | 1 |
_aFeydeau, Georges. _950653 |
|
| 245 | 1 | 3 |
_aLa dame de chez Maxim _b: pièce en trois actes : [actes I et II (six premières scènes) / _cpar Georges Feydeau. |
| 260 |
_a[Paris : _bL'Illustration, _c1914] |
||
| 300 |
_a40 p. : _bil. ; _c30 cm. |
||
| 500 | _aPublicado en: La Petite Illustration : roman - théatre : revue hebdomaire, nº 74. Série théâtre, nº 43 , 1er. aout 1914. | ||
| 852 |
_aES-MaACL _j2278-F-8 _9R.141184 _z.- Biblioteca Jacinto Martínez Lacalle |
||
| 999 |
_c170564 _d170564 |
||